Estructura y función celular

Պահպանված է:
Մատենագիտական մանրամասներ
Հիմնական հեղինակ: Loewy, Ariel G. (autor)
Այլ հեղինակներ: Siekevitz, Philip
Ձևաչափ: Գիրք
Լեզու:իսպաներեն
Հրապարակվել է: Ciudad de México Continental 1974
Խորագրեր:
Ցուցիչներ: Ավելացրեք ցուցիչ
Չկան պիտակներ, Եղեք առաջինը, ով նշում է այս գրառումը!

MARC

LEADER 00000nam a2200000 a 4500
001 UCT4965
003 CL-VaPUC
005 20220914074226.0
008 961127e19740000MX |||||||||||||||||spa|d
999 |c 254043  |d 254041 
040 |c Pontificia Universidad Católica de Valparaíso 
082 0 4 |a 571.6 LOE 1974  |2 21 
100 |a Loewy, Ariel G.  |e autor  |9 374246 
245 1 0 |a Estructura y función celular 
260 |a Ciudad de México  |b Continental  |c 1974 
300 |a 572 páginas 
583 |a last modification  |c 19961127 00:00:00  |k Rodrigo Vera 
650 0 |a Citología  |9 261432 
650 0 |a Estructura celular   |9 362207 
650 0 |a Biología molecular  |9 269677 
650 7 |a CELULAS BIOLOGIA  |2 CL-VaPUC  |9 374248 
650 7 |a ENZIMOLOGIA  |2 CL-VaPUC  |9 263051 
650 0 |a Fuentes de energía  |9 263042 
700 0 |a Siekevitz, Philip  |9 374247 
942 |c BK  |2 ddc 
945 |d 19961127 00:00:00  |a lriquelm 
952 |0 0  |1 0  |2 ddc  |4 0  |6 571_600000000000000_LOE_1974  |7 0  |8 A  |9 275391  |a BIBCUR  |b BIBCUR  |d 2019-11-19  |i 1794256  |o 571.6 LOE 1974  |p 1794256  |r 2025-04-22  |t 1  |w 2019-11-19  |y BK  |k BIO 
952 |0 0  |1 0  |2 ddc  |4 0  |6 571_600000000000000_LOE_1974  |7 0  |8 A  |9 275392  |a BIBCUR  |b BIBCUR  |c PAC  |d 2019-11-19  |i 2606445  |o 571.6 LOE 1974  |p 2606445  |r 2025-04-22  |t 2  |w 2019-11-19  |y BK  |k BIO